Statistics for Countries Bigger Than Any Other Country They Border(Main Land)

Click here to take the quiz!

General Stats

  • This quiz has been taken 32 times
  • The average score is 13 of 15

Answer Stats

Land Area KmCountry% Correct
8,515,767Brazil
100%
9,984,670Canada
100%
17,098,242Russia
100%
1,904,569Indonesia
93%
1,221,037South Africa
90%
242,900United Kingdom
90%
2,381,741Algeria
86%
2,149,690Saudi Arabia
86%
450,295Sweden
86%
48,671Dominican Republic
83%
2,344,858DRC
83%
551,695France
83%
1,648,195Iran
83%
1,886,068Sudan
83%
130,373Nicaragua
59%

Score Distribution

Percentile by Number Answered

Percent of People with Each Score

Your Score History

You have not taken this quiz